Nopeaa matikkaa - pienten lukujen yhteenlaskut - Statistics

Yleistilastot
  • Tätä visaa on pelattu 6 410 kertaa
  • Keskiarvotulos 27 / 40
Vastaustilastot
Lasku Vastaus % Oikein
0+0 0
71%
9+2 11
71%
3+9 12
71%
2+0 2
71%
2+6 8
71%
4+6 10
70%
2+9 11
70%
6+6 12
70%
0+3 3
70%
5+1 6
70%
3+4 7
70%
3+6 9
70%
5+4 9
70%
7+2 9
70%
5+5 10
69%
6+4 10
69%
4+7 11
69%
5+6 11
69%
7+4 11
69%
7+5 12
69%
8+4 12
69%
6+8 14
69%
7+7 14
69%
9+9 18
69%
0+2 2
69%
1+2 3
69%
3+0 3
69%
0+4 4
69%
2+2 4
69%
3+1 4
69%
1+4 5
69%
4+1 5
69%
2+4 6
69%
3+3 6
69%
0+7 7
69%
1+6 7
69%
4+3 7
69%
7+0 7
69%
0+8 8
69%
3+5 8
69%
4+4 8
69%
0+9 9
69%
2+7 9
69%
4+5 9
69%
9+0 9
69%
1+9 10
68%
2+8 10
68%
3+7 10
68%
3+8 11
68%
8+3 11
68%
4+8 12
68%
9+3 12
68%
8+5 13
68%
9+5 14
68%
6+9 15
68%
7+9 16
68%
1+1 2
68%
1+3 4
68%
4+0 4
68%
5+0 5
68%
0+6 6
68%
1+5 6
68%
4+2 6
68%
5+2 7
68%
6+1 7
68%
1+7 8
68%
6+2 8
68%
8+0 8
68%
6+3 9
68%
8+1 9
68%
1+0 1
67%
9+1 10
67%
6+5 11
67%
9+4 13
67%
5+9 14
67%
8+6 14
67%
7+8 15
67%
8+7 15
67%
8+8 16
67%
8+9 17
67%
2+1 3
67%
2+3 5
67%
3+2 5
67%
6+0 6
67%
2+5 7
67%
5+3 8
67%
0+1 1
66%
8+2 10
66%
5+7 12
66%
4+9 13
66%
5+8 13
66%
9+6 15
66%
9+7 16
66%
0+5 5
66%
7+1 8
66%
1+8 9
66%
7+3 10
65%
6+7 13
65%
7+6 13
65%
9+8 17
65%
Ehtoja vastaavia visoja ei löytynyt
Tulosjakauma
Jokaisen tuloksen saaneiden osuus
Persentiili vastausten määrän mukaan
Tuloshistoriasi
Et ole pelannut tätä visaa